| 000 | 00400pab a2200157 454500 | ||
|---|---|---|---|
| 008 | 180718b1999 xxu||||| |||| 00| 0 eng d | ||
| 100 | _aBarnes, Marian | ||
| 245 | _aResearching public participation | ||
| 260 | _c1999 | ||
| 300 | _ap.60-75 | ||
| 362 | _aWinter | ||
| 650 | _aLocal government - Great Britain | ||
| 650 | _aLocal government | ||
| 773 | _aLocal Government Studies | ||
| 909 | _a43307 | ||
| 999 |
_c43307 _d43307 |
||